| 000 | 00723nam a22002297a 4500 | ||
|---|---|---|---|
| 005 | 20250806134101.0 | ||
| 008 | 250107b ||||| |||| 00| 0 eng d | ||
| 020 | _a9789356819580 | ||
| 040 | _cAL | ||
| 041 | _aEnglish | ||
| 082 |
_223 _a570.2 _bKUMG |
||
| 100 |
_aPrabhanshu Kumar _9234265 |
||
| 245 | _aGKP GATE 2025 : Life Sciences | ||
| 260 |
_aHaryana _bG K Publications (p) Ltd _c2025 |
||
| 300 |
_axxiii,672 p. _bPB _c28x21 cm. |
||
| 365 |
_aCCX2-1707618 _b₹564.00 _c₹ _d₹750.00 _f17-12-2024 |
||
| 650 |
_aSolved Papers 2000-2024 _9192551 |
||
| 650 |
_aGraduate Aptitude Test in Engineering _9192573 |
||
| 650 |
_a Competitive Examination _9192574 |
||
| 700 |
_aKumar, Preeti T _9192552 |
||
| 942 |
_2ddc _cREF |
||
| 999 |
_c233556 _d233556 |
||